People by Picture - Random - Statistics

General Stats
  • This quiz has been taken 55 times
  • The average score is 11 of 25
Answer Stats
Picture Answer % Correct
Alan Mathison Turing
100%
Andrew Russell Garfield
100%
Chris Hemsworth
100%
Cristiano Ronaldo
100%
Diego Armando Maradona
100%
Donald John Trump
100%
Dwayne Douglas Johnson
100%
Edward Christopher Sheeran
100%
Elizabeth Alexandra Mary
100%
Elon Musk
100%
Elon Reeve Musk FRS
100%
Felix Kjellberg
100%
Franklin Delano Roosevelt
100%
Frederick Freddie Mercury
100%
George Washington
100%
Grigory Rasputin
100%
Harrison Harry Young
100%
Henry VIII
100%
Jackie Chan
100%
James Byron Dean
100%
Joseph Stalin
100%
Julius Caesar
100%
Leonardo DiCaprio
100%
Mahatma Gandhi
100%
Mao Zedong
100%
Margaret Thatcher
100%
Marie Curie
100%
Napoleon Bonaparte
100%
Natalie Portman
100%
Nicola Tesla
100%
Otto Eduard Leopold von Bismarck
100%
Robert Downey Jr.
100%
Stephen Hawking
100%
Vladimir Putin
100%
Whitney Houston
100%
Alexander III
80%
Stan Lee
80%
Ariana Grande-Butera
75%
Bruce Lee
75%
Mark Zuckerberg
75%
Muhammad Ali
75%
Paul William Walker IV
75%
Robert Nesta Marley
75%
Salma Hayek
75%
Adolf Hitler
67%
Billie Eilish Pirate Baird O'Connell
67%
Charles Spencer Chaplin
67%
John Winston Ono Lennon
67%
Martin Luther King Jr.
67%
Neil Alden Armstrong
67%
Steven Paul Jobs
67%
Thomas Alva Edison
67%
Vladimir Ilyich Ulyanov
67%
Xi Jinping
67%
Elizabeth Olsen
50%
Emmanuel Macron
50%
Erling Braut Haaland
50%
Franz Ferdinand
50%
Galileo Galilei
50%
Giancarlo Giuseppe Alessandro Esposito
50%
Jennifer Lawrence
50%
John Felix Anthony Cena Jr.
50%
Julia Winter
50%
Lionel Andrés Messi
50%
Markus Alexej Persson
50%
Michinomiya Hirohito
50%
Nelson Mandela
50%
Paul Rudd
50%
Diana Spencer
33%
Emma Watson
33%
Friedrich Wilhelm
33%
Hrithik Roshan
33%
Jimmy Donaldson
33%
Ma Huateng
33%
Marilyn Monroe
33%
Shah Rukh Khan
33%
Tsar Nicholas
33%
William Jack Poulter
33%
Imane Anys
25%
Abraham Lincoln
0%
Ada Lovelace
0%
Albert Enstein
0%
Albert Frederick Arthur George
0%
Albert Leopold Clemens Maria Meinrad
0%
Alexander Graham Bell
0%
Alexandra Daddario
0%
Alphonse Léon Ferdinand Marie Jacques Isidore Pascal Antoine de Bourbon
0%
Antony Starr
0%
August Kubizek
0%
Bella Ramsey
0%
Benazir Bhutto
0%
Besarion Jughashvili
0%
Björn Johan Andrésen
0%
Brooke Christa Camile Shields
0%
Chagatai Khan
0%
Chandler Hallow
0%
Cheryl Porter
0%
Chris Evans
0%
Christian Frederik Carl Georg Valdemar Axel
0%
Clay
0%
Cristine Hakim
0%
Donnie Yen
0%
Dua Lipa
0%
Dylan O'Brien
0%
Edson Arantes do Nascimento
0%
Edward John Smith
0%
Elsa Löwenthal
0%
Elvis Aaron Presley
0%
Enzo Ferrari
0%
Fahri Korutürk
0%
Frederik Christian Vilhelm Carl of Schleswig
0%
Genghis Khan
0%
George Frederick Ernest Albert
0%
Georges Benjamin Clémenceau
0%
Gertrude Belle Elion
0%
Harland Sanders
0%
Henry William Dalgliesh Cavill
0%
Hugh Jackman
0%
Ibnu Sina
0%
Isaac Newton
0%
Jacob Offenbach
0%
James Naismith
0%
Jehanne d'Arc
0%
Jet Li
0%
Jhonny Depp
0%
Jhon Tyler
0%
Joaquim Maria Puyal
0%
John Fitzgerald Kennedy
0%
Joko Widodo
0%
Josephine de Beauharnais
0%
Joseph Robinette Biden Jr.
0%
Justin Drew Bieber
0%
Justin Roiland
0%
Karl Benz
0%
Kaya Rose Scodelario-Davis
0%
Ki Hong Lee
0%
Kylian Mbappé Lottin
0%
Louis le Prince
0%
Luka Modrić
0%
Manuel Maria Filipe Carlos Amélio Luís Miguel Rafael Gabriel Gonzaga Xavier Francisco de Assis Eugénio de Saxe-Coburgo-Gota e Bragança
0%
Mark B. Rober
0%
Mary Anderson
0%
Max Karl Ernst Ludwig Planck
0%
Mehmed Reşad
0%
Melitta Bentz
0%
Michael Collins
0%
Michael Collins
0%
Michael Gorbachev
0%
Michael Joseph Jackson
0%
Michelle Rodriguez
0%
Mohamed Salah Hamed Mahrous Ghaly
0%
Neymar da Silva Santos Júnior
0%
Paul Tibbet
0%
Pedro Pascal
0%
Phillip
0%
Quintus Servilius Caepio Brutus
0%
Ray Kroc
0%
Robert Pattinson
0%
Roman Griffin Davis
0%
Rosa Bianca Salazar
0%
Salman Khan
0%
Scarlett Johansson
0%
Selena Gomez
0%
Selena Marie Gomez
0%
Shinzō Abe
0%
Soeharto
0%
Soekarno
0%
Solomon Perel
0%
Stephen Hillenburg
0%
Sultan Hasanuddin Tumenanga Ri Balla Pangkana
0%
Thomas Brodie Sangster
0%
Thomas Grant Gustin
0%
Thomas Matulessy
0%
Tobias Vincent Tobey Maguire
0%
Tupac Amaru Shakur
0%
William Henry Gates III
0%
Winston Churchill
0%
Wolfgang Amadeus Mozart
0%
Yao Ming
0%
Yves Guillemot
0%
No matching quizzes found
Score Distribution
Percent of People with Each Score
Percentile by Number Answered
Your Score History
You have not taken this quiz